| 000 -LEADER |
| fixed length control field |
00735nam a22002177a 4500 |
| 003 - CONTROL NUMBER IDENTIFIER |
| control field |
OSt |
| 005 - DATE AND TIME OF LATEST TRANSACTION |
| control field |
20250618095127.0 |
| 008 - FIXED-LENGTH DATA ELEMENTS--GENERAL INFORMATION |
| fixed length control field |
250618b ||||| |||| 00| 0 eng d |
| 020 ## - INTERNATIONAL STANDARD BOOK NUMBER |
| International Standard Book Number |
978007428038 |
| 040 ## - CATALOGING SOURCE |
| Transcribing agency |
KH8 |
| 082 ## - DEWEY DECIMAL CLASSIFICATION NUMBER |
| Classification number |
FIC URE |
| 100 ## - MAIN ENTRY--PERSONAL NAME |
| Personal name |
Ure, Jean, |
| Relator term |
author. |
| 245 ## - TITLE STATEMENT |
| Title |
Secret Meeting / |
| Statement of responsibility, etc. |
Jean Ure. |
| 260 ## - PUBLICATION, DISTRIBUTION, ETC. |
| Place of publication, distribution, etc. |
London ; |
| Name of publisher, distributor, etc. |
Harper Collins Children’s Books, |
| Date of publication, distribution, etc. |
20013. |
| 300 ## - PHYSICAL DESCRIPTION |
| Extent |
190 pages : |
| Other physical details |
illustrations ; |
| Dimensions |
20 cm. |
| 520 ## - SUMMARY, ETC. |
| Summary, etc. |
Mum has always warned me that people you meet in chatrooms are not always what they seem. But everything will be fine. Nothing could possibly go wrong... right? |
| 650 ## - SUBJECT ADDED ENTRY--TOPICAL TERM |
| Topical term or geographic name entry element |
Fiction |
| Form subdivision |
funny |
| 650 ## - SUBJECT ADDED ENTRY--TOPICAL TERM |
| Topical term or geographic name entry element |
Fiction |
| Form subdivision |
children |
| 700 ## - ADDED ENTRY--PERSONAL NAME |
| Personal name |
Donnelly, Karen, |
| Relator term |
author. |
| 942 ## - ADDED ENTRY ELEMENTS (KOHA) |
| Source of classification or shelving scheme |
|
| Koha item type |
Books - Fiction |